[Event "Interpolis-01"]
[Site "Tilburg"]
[Date "1977.09.25"]
[Round "3"]
[White "Huebner, Robert"]
[Black "Kavalek, Lubomir"]
[Result "1/2-1/2"]
[WhiteElo "2600"]
[BlackElo "2545"]
[Annotator "Ftacnik,L"]
[PlyCount "34"]
[EventDate "1977.09.23"]
[EventType "tourn"]
[EventRounds "11"]
[EventCountry "NED"]
[EventCategory "14"]
[SourceTitle "MCL"]
[Source "ChessBase"]
[SourceDate "1999.07.01"]
[SourceVersion "1"]
[SourceVersionDate "1999.07.01"]
[SourceQuality "1"]

1. c4 e5 2. Nc3 Nf6 3. Nf3 d6 4. d4 Nbd7 5. g3 g6 6. Bg2 Bg7 7. O-O O-O 8. Qc2
c6 9. Rd1 Qe7 10. b3 Re8 11. e3 Nf8 12. dxe5 dxe5 13. h3 (13. a4 e4 14. Ba3 c5
15. Nd4 (15. Nd2 Bg4 {Tal-Kupreichik/USR-ch/1969} (15... Bf5 $5)) 15... Bg4 16.
Rd2 Qe5 {Arkell-Kochiev/Leningrad/1989/1/2}) 13... e4 14. Nd4 h5 15. a4 N8h7
16. Ba3 Qe5 (16... c5 17. Ndb5 b6 18. a5 $36) 17. Nce2 h4 (17... h4 18. g4 (18.
Bb2 hxg3 19. fxg3 Qg5 20. Qd2 $13) 18... Bxg4 19. hxg4 Nxg4 20. Nf4 g5 21. Qe2
f5 22. Bd6 Qxd6 23. Nxf5 Qe5 24. Qxg4 gxf4 25. exf4 Qf6 $13) 1/2-1/2

[Event "Buenos Aires"]
[Site "Buenos Aires"]
[Date "1980.??.??"]
[Round "?"]
[White "Browne, Walter Shawn"]
[Black "Balashov, Yuri S"]
[Result "0-1"]
[WhiteElo "2540"]
[BlackElo "2600"]
[Annotator "Chekhov,V"]
[PlyCount "78"]
[EventDate "1980.10.15"]
[EventType "tourn"]
[EventRounds "13"]
[EventCountry "ARG"]
[EventCategory "13"]
[SourceTitle "MCL"]
[Source "ChessBase"]
[SourceDate "1999.07.01"]
[SourceVersion "1"]
[SourceVersionDate "1999.07.01"]
[SourceQuality "1"]

1. d4 Nf6 2. Nf3 g6 3. c4 Bg7 4. Nc3 O-O 5. g3 d6 6. Bg2 Nbd7 7. O-O e5 8. Qc2
Re8 (8... c6 $5 9. Rd1 Qe7 10. b3 exd4 (10... Re8 $5) 11. Nxd4 Re8 12. Bb2 Nc5
13. e3 a5 14. a3 h5 $1 15. b4 Nce4 16. b5 Bd7 $1 17. Rac1 h4 $13 {Timman,
J-Kasparov,G/Tilburg/1991/0:1 (35)/ Inf 53/570/}) 9. Rd1 e4 $6 (9... Qe7 10. b3
Nf8 $2 (10... exd4 11. Nxd4 c6) 11. e4 (11. dxe5 dxe5 12. Nb5 Bf5 13. Qc3 e4
14. Ba3 c5 $13 {Radulescu,C-Pacht/ROM(ch)/1960/}) 11... Bg4 12. d5 $16 {
Boleslavsky,Lepeshkin/}) 10. Ne1 $6 (10. Ng5 $1 Nb6 11. Ncxe4 Nxe4 (11... Bf5
12. Nxf6+ Bxf6 13. e4 Bg4 14. Nf3) 12. Nxe4 Bf5 13. f3 (13. d5 Nd7 14. f3 Nc5
$13) 13... d5 (13... c6 14. d5 cxd5 15. cxd5 Rc8 (15... Nd7 16. Be3 Rc8 17. Qb3
) 16. Qb3) 14. cxd5 Qxd5 15. Be3) 10... Nb6 11. c5 (11. Nxe4 Nxe4 12. Bxe4 Nxc4
13. Bxg6 hxg6 14. Qxc4 d5 15. Qc2 Bf5 $44) 11... Nbd5 12. cxd6 (12. Nxe4 Nxe4
13. Bxe4 Nb4 14. Qb1 dxc5) 12... Qxd6 13. Qb3 (13. Nxe4 Nxe4 14. Bxe4 Nb4 15.
Qb1 Qe7 16. f3 (16. Bf3 Bf5) (16. Bd3 Bxd4) 16... f5) 13... Bg4 $1 14. Nc2 $6 (
14. f3 $5 exf3 15. exf3 Be6 16. Qc2) 14... Nxc3 15. bxc3 Bxe2 16. Re1 Qa6 $1
17. Bg5 (17. Nb4 Qb5 18. a4 Qh5 $19) 17... c6 18. Nb4 Qb5 19. Bxf6 $6 (19. a4
$5 Qxg5 (19... Qc4 20. Qxc4 Bxc4 21. Bxf6 Bxf6 22. Rxe4) 20. Rxe2 Re7 $17)
19... Bxf6 20. a4 Qh5 $19 21. Qc2 Bf3 22. Bxf3 exf3 (22... Qxf3 23. Re3 {
/\Rae1/}) 23. Qd3 (23. Nd3 $5 Qh3 $140 24. Nf4) (23. Nd3 $5 g5 24. Qd1) 23...
Re2 24. Rxe2 fxe2 25. Re1 Re8 26. Nc2 Qa5 27. Ne3 (27. Ra1 {/\Ne3/} c5 $1)
27... Qxa4 28. Rxe2 Bg7 $6 (28... Qa1+ $1 29. Kg2 Bg7) 29. Qb1 $1 Qa6 30. Ra2
Qb6 31. Rb2 $6 (31. Qxb6 $5 axb6 32. Ra7 Re7 33. Nc4 b5 34. Na5 Re1+ 35. Kg2
Rc1 36. Rxb7 Rxc3 37. d5 (37. Rc7 b4) 37... cxd5 38. Rxb5 d4 39. Rb8+ Bf8 40.
Nb3 d3 41. Nd2 Kg7 42. Rd8) 31... Qa5 32. Rxb7 Qxc3 33. Qa2 Rf8 34. Rxa7 (34.
d5 Bd4) 34... Bxd4 35. Ra3 (35. Re7 $5) 35... Qc5 36. Kg2 Kg7 37. Ra5 Qe7 38.
Qc2 c5 39. Qe2 Re8 (39... Re8 40. Ra3 h5 41. h4 Qe4+ 42. Qf3 Qxf3+ 43. Kxf3
Bxe3 44. fxe3 c4 45. Ke2 Rc8 46. Kd2 Kf6 47. Kc3 $140 Kf5 $19) 0-1

[Event "Baden-Baden"]
[Site "Baden-Baden"]
[Date "1992.12.06"]
[Round "2"]
[White "Jussupow, Artur"]
[Black "Knaak, Rainer"]
[Result "1-0"]
[WhiteElo "2640"]
[BlackElo "2525"]
[Annotator "Dautov,R"]
[PlyCount "71"]
[EventDate "1992.12.??"]
[EventType "tourn"]
[EventRounds "11"]
[EventCountry "GER"]
[EventCategory "14"]
[SourceTitle "CBM 033"]
[Source "ChessBase"]
[SourceDate "1993.04.01"]
[SourceVersion "1"]
[SourceVersionDate "1993.04.01"]
[SourceQuality "1"]

1. d4 Nf6 2. c4 d6 3. Nc3 Nbd7 4. g3 g6 5. Bg2 Bg7 6. Nf3 O-O 7. O-O e5 8. h3
Re8 (8... c6 9. dxe5 (9. e4) 9... dxe5 10. Be3 Qe7 $1 $10) 9. Be3 (9. dxe5 dxe5
10. Be3 c6 11. b4 Qe7 12. Qb3 $14 {Avshalumov,A-Zejtlin,Mih Warszawa 1989})
9... exd4 10. Bxd4 (10. Nxd4 c6 11. Qd2 Nb6 12. b3 d5 13. cxd5 $6 Nbxd5 14.
Nxd5 Nxd5 15. Bg5 Qb6 $17 {Shvedchikov,A-Varavin,V Moscow ZSKS 1992}) 10... c5
$1 $10 11. Bxf6 (11. Be3 Nb6 12. b3 Rxe3 $1 13. fxe3 Nh5 14. Qe1 Qe7 (14...
Nxg3 $2 15. Qxg3 Bxc3 16. Rad1 $16) (14... Bxc3 15. Qxc3 Nxg3 16. Rfe1 Ne4 17.
Qb2 Bf5 $44) 15. Rc1 Qxe3+ 16. Kh2 Nxg3 17. Qxg3 Bxc3 18. Qxd6 Bf5 $36) 11...
Nxf6 12. Rc1 Qe7 (12... Qb6 13. b3 Bd7 14. Qd2 Bc6 15. Rfd1 Rad8 16. Ne1 $14) (
12... a6 $5 13. Qd2 Rb8 14. Rfd1 (14. a4 Qb6 15. Rfd1 Be6 {><c4}) 14... b5 (
14... Bf8 $5 $132) 15. Qxd6 (15. cxb5 axb5 16. Qxd6 Qxd6 17. Rxd6 b4 18. Na4
Ne4 19. Rdd1 Be6 $44) 15... Qxd6 16. Rxd6 bxc4 (16... b4 17. Na4 $13) 17. Rd2
Bf5 $5 $10) 13. Qd2 Be6 (13... Bf5 14. Nh4 (14. Rfd1 Ne4 15. Nxe4 Bxe4 16. Ne1
Rad8 17. Bxe4 Qxe4 18. e3 b6 $1 19. b3 d5 20. cxd5 Re5 21. d6 Re6 $10) 14...
Ne4 15. Nxf5 Nxd2 16. Nxe7+ Rxe7 17. Rfe1 (17. Rfd1 Bxc3 (17... Nxc4 18. Nd5
Rxe2 19. Rxc4 Rxb2 20. Ne3 $1 $16) 18. Rxc3 Rxe2 $10) 17... Rae8 18. b3 (18. e3
$6 Nxc4 19. Nd5 Nxb2 20. Nxe7+ Rxe7) 18... Bxc3 19. Rxc3 Rxe2 20. Rxe2 Rxe2 21.
Bxb7 Ne4 22. Bxe4 Rxe4 $10) 14. b3 Rad8 15. e4 Nxe4 $2 (15... Nd7 $1 16. Rfd1 (
16. Nb5 a6 17. Nc7 Rf8 $10) 16... Ne5 17. Nxe5 Bxe5 18. f4 Bd4+ 19. Kh2 a6 $132
) 16. Nxe4 d5 17. Neg5 Bh6 18. Rce1 $1 $16 dxc4 19. Qf4 {/\Qh4} Rd4 20. Qc1 Rd3
21. h4 $1 (21. bxc4 Rxf3 22. Bxf3 Bxg5 23. Qb2 $14) 21... cxb3 22. axb3 Rxb3
23. Qc2 Rb6 24. Bh3 Rf8 25. Bxe6 fxe6 26. Re2 Bg7 27. Rfe1 Rb2 28. Qe4 (28. Qc4
b5 $1) 28... Rb4 29. Qd3 $1 c4 30. Qc2 $18 b5 31. Rxe6 Qc5 32. Re7 Qf5 (32...
Rb3 $2 33. Rxg7+ $18) (32... Qd6 33. Rxa7 $18) 33. Rxg7+ Kxg7 34. Qc3+ Kg8 35.
Qxb4 h6 36. Ne6 1-0

[Event "Interzonal-16"]
[Site "Biel"]
[Date "1993.??.??"]
[Round "8"]
[White "Akopian, Vladimir Eduardovic"]
[Black "Van Wely, Loek"]
[Result "0-1"]
[WhiteElo "2600"]
[BlackElo "2585"]
[Annotator "Dautov,R"]
[PlyCount "80"]
[EventDate "1993.07.16"]
[EventType "swiss"]
[EventRounds "13"]
[EventCountry "SUI"]
[SourceTitle "CBM 037"]
[Source "ChessBase"]
[SourceDate "1993.12.01"]
[SourceVersion "1"]
[SourceVersionDate "1993.12.01"]
[SourceQuality "1"]

1. d4 Nf6 2. c4 g6 3. Nf3 Bg7 4. g3 O-O 5. Bg2 d6 6. O-O Nbd7 7. Nc3 e5 8. e3
Re8 9. b3 c6 $10 10. Ba3 $5 (10. Bb2 e4 11. Nd2 d5 12. f3 exf3 13. Qxf3 dxc4 $1
(13... Nb6 $6 14. c5 Nbd7 15. e4 $16) 14. Nxc4 (14. bxc4 Nc5 $1 $15) 14... Nb6
15. Ne5 Be6 16. Rad1 Qe7 17. e4 Rad8 $10) 10... e4 (10... Nf8 $6 11. dxe5 dxe5
12. Qxd8 Rxd8 13. Rad1 $1 $14 (13. Nxe5 $6 Ng4 14. Nxg4 Bxc3 15. Rac1 Bg7 16.
h3 Rd2 $10)) 11. Nd2 d5 12. f3 {N} (12. Rc1 a6 13. cxd5 cxd5 14. Na4 b5 $15 {
van Scheltinga-van der Berg/Niederland-ch/1954} 15. Nc5 Nxc5 16. Bxc5 Bg4)
12... exf3 13. Qxf3 Nb6 $1 (13... dxc4 $6 14. Nxc4 Nb6 15. Nd6 Re6 16. Nxc8 $14
) 14. Kh1 (14. c5 $5 Bg4 $1 (14... Nbd7 15. e4 dxe4 16. Ndxe4 Nxe4 17. Qxf7+
Kh8 18. Nxe4 Bxd4+ 19. Kh1 Ne5 (19... Rf8 20. Nd6 $1) 20. Qf6+ Qxf6 21. Nxf6
Rf8 22. Rad1 $36) (14... Qe7 15. Bb2 Nbd7 16. e4 (16. Rae1 $14 {/\e4}) 16...
Bh6 17. Rad1 Bxd2 18. Rxd2 dxe4 (18... Nxe4 19. Nxe4 dxe4 20. Qc3 f5 21. g4 $44
) 19. Qf4 $44) 15. Qf4 (15. Qf2 Bf5 $3 16. cxb6 (16. h3 Nbd7 17. g4 Bd3 $15)
16... Ng4 17. Qe1 Rxe3 $17) 15... Nbd7 16. e4 dxe4 17. Ndxe4 Nxe4 18. Qxf7+ Kh8
19. Nxe4 Bxd4+ 20. Kh1 Ne5 $15) (14. h3 Bf5 15. cxd5 Nbxd5 $1 16. Nxd5 cxd5 $15
) 14... Bf5 $15 15. Rfe1 Re6 16. cxd5 (16. h3 h5 $15) 16... cxd5 17. Rac1 (17.
Bc5 $6 Nbd7 18. Bb4 Qb6 19. Ba3 Qa5 20. Bb2 Rc8 21. Rac1 Rec6 $17) 17... Qd7
18. Bf1 $6 (18. Bc5 $1 Rd8 (18... Rae8 19. Bxb6 axb6 20. Nxd5 Nxd5 21. Qxd5
Qxd5 22. Bxd5 Rxe3 23. Rxe3 Rxe3 24. Nf3 $10) 19. a4 $15 (19. Bxb6 axb6 20.
Nxd5 $2 Qxd5 21. Qxd5 Nxd5 22. e4 Bh6 $19)) 18... a6 19. Bc5 Rae8 20. Bxb6 $6
Rxb6 21. Na4 (21. Bg2 Bg4 22. Qf4 Rc6 $15) 21... Rc6 22. Nc5 Qe7 $17 {><e3} 23.
b4 b6 $1 24. Nxa6 (24. b5 Rcc8 $17) 24... Rxc1 25. Rxc1 Qxe3 26. Qxe3 Rxe3 27.
Nc7 (27. a4 Ne4 $17) 27... Ra3 28. Ra1 Rc3 $1 29. Nb5 Rc2 30. Nf3 Be4 31. Bg2
Ng4 {/\Ne3-+} 32. Ne1 $8 Rf2 $1 $19 33. Bxe4 (33. Kg1 Bh6 34. Bxe4 Be3 35. Ng2
Rxa2+ 36. Nxe3 Rxa1+ $19) 33... Rxh2+ 34. Kg1 dxe4 35. Rd1 (35. a4 Rb2 $19)
35... Bh6 $1 36. Ng2 Rxg2+ 37. Kxg2 Ne3+ 38. Kf2 Nxd1+ 39. Ke2 Nb2 40. d5 Kf8
0-1

[Event "Donner Memorial"]
[Site "Amsterdam"]
[Date "1995.??.??"]
[Round "5"]
[White "Granda Zuniga, Julio E"]
[Black "Van Wely, Loek"]
[Result "1-0"]
[WhiteElo "2605"]
[BlackElo "2585"]
[Annotator "Kortschnoj,V"]
[PlyCount "57"]
[EventDate "1995.08.??"]
[EventType "tourn"]
[EventRounds "11"]
[EventCountry "NED"]
[EventCategory "16"]
[SourceTitle "CBM 049"]
[Source "ChessBase"]
[SourceDate "1995.12.01"]
[SourceVersion "1"]
[SourceVersionDate "1995.12.01"]
[SourceQuality "1"]

1. d4 Nf6 2. c4 g6 3. g3 Bg7 4. Bg2 O-O 5. Nf3 d6 6. O-O Nbd7 7. Nc3 e5 8. Rb1
(8. Qc2) (8. e4) 8... c6 9. b4 exd4 $6 (9... e4 10. Nd2 d5 11. b5 $13) 10. Nxd4
Nb6 11. Qb3 Ng4 (11... d5 12. c5 $14) 12. Rd1 Qe7 13. h3 Ne5 14. c5 dxc5 15.
bxc5 Nbd7 16. Ne4 $16 Kh8 17. Ba3 $1 f5 $2 (17... Nf6 18. Nd6 Ne8 $16) 18. Nd6
f4 19. Ne6 fxg3 20. f4 $1 $18 Nf7 21. Nxf8 Nxd6 22. Nxd7 Nb5 23. Ne5 Be6 24.
Qxg3 Rf8 25. Bb2 Qxc5+ 26. Kh1 Qc2 27. Qh4 Bxa2 28. Qe7 (28. Rdc1 Qxe2 29.
Nxg6+ $18) 28... Rg8 29. Rbc1 {29...Db2 3O.Sg6 hg 31.Dh4+-} 1-0

[Event "YUG-ch op"]
[Site "Nis"]
[Date "1996.??.??"]
[Round "5"]
[White "Malaniuk, Vladimir P"]
[Black "Ilincic, Zlatko"]
[Result "1/2-1/2"]
[WhiteElo "2610"]
[BlackElo "2520"]
[Annotator "Malaniuk,V"]
[PlyCount "112"]
[EventDate "1996.??.??"]
[EventType "swiss"]
[EventRounds "10"]
[EventCountry "YUG"]
[SourceTitle "EXT 1999"]
[Source "ChessBase"]
[SourceDate "1998.11.16"]
[SourceVersion "1"]
[SourceVersionDate "1998.11.16"]
[SourceQuality "1"]

1. d4 Nf6 2. Nf3 g6 3. c4 Bg7 4. g3 O-O 5. Bg2 d6 6. O-O Nbd7 7. Qc2 e5 8. Rd1
Re8 9. e4 exd4 10. Nxd4 Nc5 11. Nc3 a5 12. Ndb5 Bd7 (12... Be6) (12... Ng4) 13.
Be3 $146 (13. f3) 13... Qc8 14. f3 b6 15. Re1 Be6 16. b3 Re7 17. g4 h6 18. Qd2
Kh7 19. Rad1 Qa6 20. Nd4 Bd7 21. Bf2 $16 Rae8 22. h4 $1 c6 23. Nde2 Nb7 24. Qe3
(24. Na4 b5 25. cxb5 cxb5 26. Nb6 {/\ Nf4}) 24... Be6 $8 25. Qxb6 Qxb6 26. Bxb6
c5 27. Nb5 Rd7 28. Nf4 (28. Bc7 $1 Rc8 29. e5 $16) 28... g5 $8 29. hxg5 hxg5
30. Nxe6 Rxe6 31. f4 $1 gxf4 32. g5 $6 (32. e5 $1 Nxg4 $8 (32... dxe5 33. Rxd7
Nxd7 34. Bc7) 33. exd6 $1 Ne3 34. Bc6 $1 $16) 32... Ng4 33. Bh3 Rg6 34. Rd2
Rxg5 (34... f3 $2 35. Bxg4 Rxg5 36. Rg2 $1 $18) 35. Rg2 f5 36. exf5 Be5 $3 (
36... Ne5 37. Rxg5 Nf3+ 38. Kf1 Nxg5 39. f6 Rf7 (39... Nxh3 40. Re7 $18) 40.
Bf5+ Kg8 41. Re8+ Bf8 42. Rb8 $18) 37. f6 $8 Bxf6 38. Rf1 Rdg7 39. Rxf4 Ne3 40.
Rxg5 Bxg5 41. Rf3 Nxc4 42. Bf5+ Kh8 $1 (42... Kh6 43. bxc4 Bd8+ 44. Kf2 Bxb6
45. Be4 $16) 43. bxc4 Bd8+ 44. Kf2 Bxb6 45. Rh3+ Kg8 46. Be6+ Kf8 47. Bd5 Nd8
48. Nxd6 Rg6 $8 49. Rh8+ Kg7 50. Rg8+ Kh7 51. Rxg6 Kxg6 52. Ke3 Bc7 $1 53. Nb5
Bg3 54. Ke4 Kf6 55. a4 Ne6 56. Bxe6 Kxe6 1/2-1/2

[Event "Dortmund SuperGM 24th"]
[Site "Dortmund"]
[Date "1996.07.10"]
[Round "5"]
[White "Gelfand, Boris"]
[Black "Polgar, Judit"]
[Result "1/2-1/2"]
[WhiteElo "2665"]
[BlackElo "2665"]
[Annotator "Gelfand,B"]
[PlyCount "51"]
[EventDate "1996.07.05"]
[EventType "tourn"]
[EventRounds "9"]
[EventCountry "GER"]
[EventCategory "18"]
[SourceTitle "CBM 054"]
[Source "ChessBase"]
[SourceDate "1996.10.01"]
[SourceVersion "1"]
[SourceVersionDate "1996.10.01"]
[SourceQuality "1"]

1. d4 Nf6 2. Nf3 g6 3. c4 Bg7 4. g3 O-O 5. Bg2 d6 6. O-O Nbd7 7. Nc3 e5 8. h3
a6 9. Be3 exd4 10. Nxd4 Re8 (10... Ne5 11. b3 c5 12. Nc2 (12. Nf3 $5 Nxf3+ 13.
exf3 {Polgar,J})) 11. Qd2 Nc5 12. Bg5 Qd7 13. Bxf6 Bxf6 14. Rad1 Bg7 $146 (
14... Qd8 {Kortchnoi+Piket,89}) 15. e3 (15. b4 Na4 (15... Ne6 16. Nb3 $16) 16.
Nd5 c6 17. Nf4 c5 18. bxc5 dxc5 $132) 15... Rb8 (15... f5 {Polgar,J} 16. Qc2
Qe7 17. Nd5 Qf7 $13) 16. Nde2 {White has more space and d5 square, while Black
has 2 bishops and a solid position. It is easier to play with White, but it is
difficult to break through.} (16. Qc2 $5) 16... Qd8 17. b4 Nd7 18. Qc2 a5 (
18... Ne5 19. c5 Bf5 20. e4 Be6 21. cxd6 cxd6 $13) (18... h5 $5) 19. a3 axb4
20. axb4 Bf8 (20... Ne5 $5 21. c5 Bf5 22. e4 Be6 $13) 21. Ne4 (21. Nb5 $5 {
/\Nec3}) 21... Nf6 22. Nxf6+ Qxf6 23. Nc3 Qe5 24. Rd5 Qe7 25. Ra5 c6 26. b5 (
26. b5 Bf5 27. Qb3 Qc7 28. Rfa1 $14 {/=}) 1/2-1/2

[Event "EU-chT (Men) 11th"]
[Site "Pula"]
[Date "1997.05.??"]
[Round "4.4"]
[White "Anastasian, Ashot"]
[Black "Sutovsky, Emil"]
[Result "1-0"]
[WhiteElo "2575"]
[BlackElo "2560"]
[Annotator "Huzman,A"]
[PlyCount "101"]
[EventDate "1997.05.05"]
[EventType "team-swiss"]
[EventRounds "9"]
[EventCountry "CRO"]
[SourceTitle "CBM 057 Extra"]
[Source "ChessBase"]
[SourceDate "1997.05.01"]
[SourceVersion "1"]
[SourceVersionDate "1997.05.01"]
[SourceQuality "1"]
[WhiteTeam "Armenia"]
[BlackTeam "Israel"]
[WhiteTeamCountry "ARM"]
[BlackTeamCountry "ISR"]

1. Nf3 Nf6 2. c4 g6 3. g3 Bg7 4. Bg2 d6 5. d4 O-O 6. O-O Nbd7 7. Nc3 e5 8. h3
exd4 9. Nxd4 Nb6 10. b3 c5 11. Nc2 (11. Ndb5 d5 12. Ba3 a6 13. Bxc5 axb5 14.
Bxf8 Qxf8 $17) 11... Be6 12. Bb2 (12. a4 $5 a5 13. Bb2 (13. Ba3 Qd7 14. Nb5 Ne8
15. Kh2 Bxa1 16. Qxa1 $44) 13... d5 14. Nxd5 Nfxd5 15. Bxg7 Kxg7 16. cxd5 Nxd5
(16... Bxd5 17. Ne3 $14) 17. Qd3 $14) 12... d5 13. Nxd5 Nfxd5 14. Bxg7 Kxg7 15.
cxd5 Bxd5 (15... Nxd5 $5 16. Qd3 (16. e4 $2 Nc3) 16... Nf6 $14 {[%cal Gg2b7]})
16. e4 Bc6 (16... Be6 17. Qc1 $14 (17. f4 $14 {[%cal Yc2e3,Ye4e5,Yf4f5]})) 17.
Qb1 Re8 (17... Qf6 18. f4) (17... Qe7 $5 18. Ne3 Rad8) 18. Ne3 Qd4 (18... Qf6
19. Ng4) (18... Qe7 $5 19. Qb2+ f6 $11) 19. Rd1 $1 Bxe4 20. Qc1 Qf6 21. Ng4 (
21. Bxe4 Rxe4 22. Qxc5 $11) 21... Qc6 22. Qf4 $1 Re6 (22... Nd5 23. Qh6+ Kh8
24. Rxd5 Bxg2 25. Rxc5 Qf3 26. Kh2 $18 (26. Ne3 $2 Bxh3)) (22... Bxg2 23. Rd6
Nd7 $1 24. Rxc6 Bxc6 25. Rd1 Re2 $44) 23. Ne5 Qc7 (23... Qe8 24. Bxe4 Rxe5 25.
Bxb7 $16) 24. Rd7 $1 Nxd7 25. Qxf7+ Kh8 26. Qxe6 Bxg2 (26... Qxe5 27. Qxe5+
Nxe5 28. Bxe4 $16) (26... Nxe5 27. Bxe4 $16) 27. Nxd7 (27. Nf7+ Kg7 (27... Kg8
28. Ng5+ Kg7 29. Qe7+ Kh6 30. f4 $18) 28. Qe7 $1 Bd5 (28... Bxh3 29. Ng5+ Kh6
30. Rd1 $1 {[%cal Yd1d5]} Re8 31. Qxh7+ Kxg5 32. Qh4+ Kf5 33. Qxh3+ Kf6 34.
Rxd7 $18) 29. Ng5+ Kh6 30. Re1 $1 {/\31.Qh7 Kg532.Qh4 Kf533.Qf4x} Rh8 31. Re4
$3 Bxe4 32. Nf7+ Kg7 33. Ne5+ Kh6 34. Ng4+ Kh5 35. Qh4#) 27... Bc6 28. Ne5 (28.
Nxc5 Re8 $44) 28... Re8 (28... Be8 29. Rd1 $16) 29. Qf6+ Qg7 30. Qxg7+ Kxg7 31.
Nxc6 bxc6 32. Kf1 (32. Rc1 Re2 33. a4 (33. Rxc5 Rxa2 34. Rxc6 a5 $11) 33... Re5
(33... Rb2 $2 34. Rxc5 Rxb3 35. Rxc6 $18 {[%cal Yc6c7,Yc6a6]}) 34. f4 Re3 (
34... Rd5 35. Kf2 $16) 35. Kf2 Rxb3 36. Rxc5 Rb6 $14) 32... Rd8 $2 (32... c4 $1
33. bxc4 Re5 $1 {Alterman.B} (33... Re4 34. Rb1 Rxc4 35. Rb7+ Kg8 36. Rxa7 $18)
34. Rb1 Ra5 $14 {/+/-}) 33. Ke2 Kf6 34. Rc1 $16 Rd5 35. Rc4 Ke6 36. Re4+ Kd6
37. Ke3 Rf5 38. g4 Rf7 39. f4 Rb7 40. f5 gxf5 41. gxf5 $18 Rb4 42. Kf3 a5 43.
Re3 a4 44. f6 Rb7 45. Kf4 axb3 46. axb3 Ra7 47. Kf5 c4 48. Re6+ Kc5 49. bxc4
Ra3 50. Re4 Kd6 51. c5+ 1-0

[Event "Najdorf Memorial 8th"]
[Site "Buenos Aires"]
[Date "1997.05.29"]
[Round "9"]
[White "Campora, Daniel Hugo"]
[Black "Sutovsky, Emil"]
[Result "0-1"]
[WhiteElo "2555"]
[BlackElo "2560"]
[Annotator "Huzman,A"]
[PlyCount "79"]
[EventDate "1997.05.19"]
[EventType "tourn"]
[EventRounds "9"]
[EventCountry "ARG"]
[EventCategory "13"]
[SourceTitle "CBM 060"]
[Source "ChessBase"]
[SourceDate "1997.09.29"]
[SourceVersion "1"]
[SourceVersionDate "1997.09.29"]
[SourceQuality "1"]

1. Nf3 Nf6 2. g3 g6 3. Bg2 Bg7 4. O-O O-O 5. c4 d6 6. d4 Nbd7 7. Nc3 e5 8. Qc2
Qe7 (8... Re8 9. Rd1 c6 10. b3 Qe7 11. Ba3 (11. e3 Nf8 12. dxe5 dxe5 13. a4 $10
{ECO}) 11... e4 12. Ng5 e3 13. f4 Nf8 14. b4 Bf5 15. Qb3 h6 16. Nf3 Ng4 17. b5
g5 18. bxc6 bxc6 19. Ne5 $5 gxf4 20. Nxc6 Qg5 21. Bxd6 Ng6 22. Nd5 Qh5 23. h4
Nxh4 24. gxh4 Qxh4 25. Nde7+ Kh8 26. Nxf5 Qh2+ 27. Kf1 Re6 28. Qb7 $2 (28. Nce7
$1 Rxe7 29. Nxe7 Qg3 30. Kg1 $10) 28... Rg6 $3 29. Qxa8+ Kh7 {/\Qh1} 30. Qg8+
$1 $8 Kxg8 31. Nce7+ Kh7 32. Nxg6 fxg6 33. Nxg7 Nf2 $3 $19 {0-1 Ivanchuk,
V-Yusupov,A/Brussels cqf3 1991 (39)}) 9. b3 Re8 10. dxe5 (10. Rd1 $5 {[%cal
Ge2e4]}) 10... dxe5 11. e4 c6 {[%cal Yd7c5,Yc5e6,Ye6d4]} 12. Bb2 (12. a4 Nc5
13. Ba3 Bf8 $11 {[%cal Ye7c7,Yc5e6]} (13... Nfd7 14. a5 {[%cal Gc3a4]} Qf6 {
[%cal Yc5e6]} 15. Rfd1 $14)) 12... Nc5 13. Ba3 Nfd7 (13... Bf8 $5 14. Na4 Nfd7
15. Rad1 Qf6) 14. Rad1 Qf6 15. Ne2 Ne6 16. Ne1 $1 {[%cal Ge1d3,Gf2f4]} g5 $1
17. Nd3 Qg6 18. Kh1 $6 (18. f3 $5 {[%cal Gg2h3,Gh3f5]} h5 19. Nf2 g4 20. f4 $1
$36 (20. fxg4 hxg4 $13 21. h3 $140 gxh3 22. Bxh3 Nd4 $17)) 18... g4 19. Ne1 Nf6
20. Bc1 h5 21. f3 gxf3 22. Bxf3 Nc5 {[%csl Re4]} 23. Nc3 Bg4 24. Qg2 Rad8 $1
$15 {[%csl Rd4,Re4]} (24... Bxf3 $2 25. Nxf3 Nfxe4 26. Nh4 Qg4 27. Nxe4 Nxe4
28. Nf5 $40) 25. Rxd8 Rxd8 26. Be3 Bf8 $1 27. h3 (27. b4 Nd3 28. a3 Nxe1 29.
Rxe1 Bxf3 30. Qxf3 Rd3 $17) 27... Bxf3 28. Nxf3 Nfxe4 $17 {[%csl Rg3]} 29. Nxe5
Nxg3+ 30. Kg1 Qg7 31. Rf3 h4 $1 (31... Qxe5 $5 32. Qxg3+ (32. Rxg3+ Kh7 $17)
32... Qxg3+ 33. Rxg3+ Kh7 $17 34. Rg5 $140 Ne6 $19 {[%cal Yd8d3]}) 32. Nxf7 Rd3
$1 33. Nh6+ Kh8 (33... Kh7 34. Rf7 Rxe3 35. Rxg7+ Bxg7 $19) 34. Bg5 (34. Nf7+
Kg8 35. Nh6+ Kh7 $19) 34... Rxf3 (34... Rxc3 35. Bf6 Ne2+ 36. Kf1 Ng3+ $11 (
36... Rc1+ 37. Kxe2 Rc2+ 38. Kf1 Rc1+ $11)) 35. Qxf3 Kh7 {[%cal Yg7g5,Yg7c3]}
36. Qf7 Ne6 $1 {clever tactics win material} 37. Qxe6 (37. Bf6 $142 Ne2+ 38.
Kf1 (38. Kh2 Qxf7 39. Nxf7 Kg6 40. Ne5+ Kxf6 41. Ng4+ Kf5 42. Nxe2 Ke4 $17)
38... Qxf7 39. Nxf7 Kg6 40. Ne5+ (40. Kxe2 Kxf6 $19) 40... Kxf6 41. Ng4+ Kf5
42. Kxe2 (42. Nxe2 Ke4 $19) 42... Nf4+ $17) 37... Qxg5 $19 38. Qf7+ Bg7 39. Ng4
Qc1+ 40. Kg2 0-1